| 000 | 01233nam0a22002531 4500 | ||
|---|---|---|---|
| 001 | rc\2580135 | ||
| 005 | 20260407184358.0 | ||
| 035 | _a(NLR Aleph) 006744630 | ||
| 090 |
_a5680753 _c5680753 |
||
| 100 | _a20110914d1928 |||y0rusy50 ca | ||
| 101 | 0 | _arus | |
| 102 | _aRU | ||
| 105 | _ay z ||||| | ||
| 200 | 1 |
_aКвалификация строительных работ _eИзвлечение из квалификационной разбивки работ металло-электро-промышленности Ц.К. В.С.Р.М. с примерами работ применительно к производствам заводов "Гомзы"... _fЦентр. правл. "Гомзы". Отд. экономики труда Ц.Т.Н.Б. |
|
| 210 |
_a[Москва] _cтип. пром.-кооп. т-ва "Новое просвещение" _d1928 |
||
| 215 |
_a13, [1] с. _d17х13 см. |
||
| 710 | 0 | 2 |
_a"Гомзы", трест _cМосква _9750739 _3RU\NLR\AUTH\880543177 |
| 712 | 0 | 2 |
_aСоюз рабочих металлистов СССР _bЦК _9739081 _3RU\NLR\AUTH\8810120320 |
| 801 | 0 |
_aRU _bNLR _gpsbo |
|
| 801 | 1 |
_aRU _bELAR _2rusmarc |
|
| 852 |
_aNLR _j62/1898 |
||
| 942 | _cBOOK | ||
| 980 | _aNB | ||